书目信息 |
| 题名: |
重庆文史资料选辑
|
|
| 作者: | ;中国人民政协四川省重庆市委员会文史资料研究委员会 编 | |
| 分册: | 第一辑 | |
| 出版信息: | 重庆 政协重庆市委员会文史资料委员会 1979 |
|
| 页数: | 182页 | |
| 开本: | 20cm | |
| 丛书名: | ||
| 单 册: | ||
| 中图分类: | K266.1 | |
| 科图分类: | ||
| 主题词: | 中国--历史 | |
| 电子资源: | ||
| ISBN: | ||
| 000 | 00825nam0 2200193 450 | |
| 001 | 0654262378 | |
| 005 | 20060427150734.68 | |
| 010 | @dCNY0.87 | |
| 100 | @a20060427d1979 km y0chiy0120 ea | |
| 101 | 0 | @achi |
| 102 | @aCN | |
| 200 | 1 | @a重庆文史资料选辑@Achong qing wen shi zi liao xuan ji@h第一辑@f中国人民政协四川省重庆市委员会文史资料研究委员会编@Fzhong guo ren min zheng xie si chuan sheng chong qing shi wei yuan hui wen shi zi liao yan jiu wei yuan hui bian |
| 210 | @a重庆@c政协重庆市委员会文史资料委员会@d1979 | |
| 215 | 1 | @a182页@d20cm |
| 606 | 0 | @a中国@x历史 |
| 690 | @aK266.1@v4 | |
| 711 | 0 | @a中国人民政协四川省重庆市委员会文史资料研究委员会@Azhong guo ren min zheng xie si chuan sheng chong qing shi wei yuan hui wen shi zi liao yan jiu wei yuan hui@4编 |
| 801 | 0 | @aCN@bPFT@c20060427 |
| 905 | @a10447@dK266.1@e4:1 | |
| 重庆文史资料选辑.第一辑/中国人民政协四川省重庆市委员会文史资料研究委员会编.-重庆:政协重庆市委员会文史资料委员会,1979 |
| 182页;20cm |
| ISBN :CNY0.87 |
| ● |
| 相关链接 |
|
|
|
|
正题名:重庆文史资料选辑
索取号:K266.1/4:1
 
预约/预借
| 序号 | 登录号 | 条形码 | 馆藏地/架位号 | 状态 | 备注 |
| 1 | 0024469 | 202265752 | 密集书库/ [索取号:K266.1/4:1] | 在馆 |